highest grossing movies 2010-2019 - Statistics

General Stats
  • This quiz has been taken 12 times
  • The average score is 36 of 100
Answer Stats
Hint Answer % Correct
3. (2014) $772,776,600 Guardians Of The Galaxy
100%
4. (2015) $1,402,809,540 Avengers Age Of Ultron
88%
1. (2019) 2,799,439,100 Avengers Endgame
88%
1. (2012) $1,518,812,988 The Avengers
88%
1. (2018) $2,048,359,754 Avengers Infinity War
75%
4. (2019) $1,131,927,996 Spider-Man Far From Home
75%
1. (2015) $2,068,223,624 Star Wars The Force Awakens
75%
1. (2017) $1,332,539,889 Star Wars The Last Jedi
75%
7. (2012) $757,930,663 The Amazing Spider-Man
75%
2. (2018) $1,347,597,973 Black Panther
63%
1. (2016) $1,153,296,293 Captain America Civil War
63%
2. (2015) $1,670,400,637 Jurassic World
63%
7. (2019) $1,074,144,248 Star Wars The Rise Of Skywalker
63%
9. (2017) $853,983,911 Thor Ragnarök
63%
1. (2010) $1,066,969,703 Toy Story 3
63%
2. (2017) $1,263,521,126 Beauty & The Beast
50%
8. (2017) $869,087,963 Guardians Of The Galaxy Vol 2
50%
3. (2010) $960,897,696 Harry Potter & The Deathly Hallows Part 1
50%
1. (2011) $1,341,511,219 Harry Potter & The Deathly Hallows Part 2
50%
4. (2010) $828,258,695 Inception
50%
4. (2018) $1,242,805,359 Incredibles 2
50%
7. (2015) $858,811,174 Inside Out
50%
10. (2014) 677,896,797[ Interstellar
50%
6. (2019) $1,078,751,311 Joker
50%
6. (2011) $665,692,281 Kung Fu Panda 2
50%
7. (2013) $743,559,607 Monsters University
50%
5. (2010) $752,600,867 Shrek Forever After
50%
2. (2012) $1,108,561,013 Skyfall
50%
6. (2017) 880,166,924 Spider-Man Homecoming
50%
9. $708,982,323 The Amazing Spider-Man 2
50%
3. (2012) $1,081,041,287 The Dark Knight Rises
50%
8. (2019) $1,073,394,593 Toy Story 4
50%
10. (2017) $822,303,505 Wonder Woman
50%
9. (2019) $1,050,693,953 Aladdin
38%
2. (2010) $1,025,467,110 Alice In Wonderland
38%
5. (2018) $1,148,528,393 Aquaman
38%
6. (2018) $910,809,311 Bohemian Rhapsody
38%
5. (2019) 1,128,274,794 Captain Marvel
38%
9. (2016) 782,612,155 Deadpool
38%
9. (2018) $785,896,609 Deadpool 2
38%
3. (2016) $1,028,570,889 Finding Dory
38%
7. (2010) $623,933,331 Iron Man 2
38%
2. (2013) $1,214,811,252 Iron Man 3
38%
3. (2017) $1,308,467,944 Jurassic World Fallen Kingdom
38%
9. (2013) $670,145,518 Man Of Steel
38%
2. (2016) $1,056,057,273 Rogue One A Star Wars Story
38%
6. (2015) $880,674,609 Spectre
38%
8. (2010) $592,461,732 Tangled
38%
4. (2012) $1,017,003,568 The Hobbit An Unexpected Journey
38%
4. (2013) $958,366,855 The Hobbit The Desolation Of Smaug
38%
9. (2012) $694,394,724 The Hunger Games
38%
5. (2013) $865,011,746 The Hunger Games Catching Fire
38%
5. (2014) $755,356,711 The Hunger Games Mockingjay Part 1
38%
9. (2015)$653,428,261 The Hunger Games Mockingjay Part 2
38%
2. (2019) $1,656,943,394 The Lion King
38%
10. (2013) $644,783,140 Thor The Dark World
38%
1. (2014) $1,104,054,072 Transformers Age Of Extinction
38%
2. (2011) $1,123,794,079 Transformers Dark Of The Moon
38%
7. (2014) $714,421,503 Captain America The Winter Solider
25%
10. (2011) $559,852,396 Cars 2
25%
9. (2010) $543,113,985 Despicable Me
25%
3. (2013) $970,766,005 Despicable Me 2
25%
4. (2017) $1,034,799,409 Despicable Me 3
25%
8. (2016) $814,037,575 Fantastic Beasts & Where To Find Them
25%
1. (2013) $1,280,802,282 | 3. (2019) $1,450,026,933 Frozen
25%
3. (2015) 1,515,047,671 Furious 7
25%
8. (2013) $723,192,705 Gravity
25%
10. (2010) $494,878,759 How To Train Your Dragon
25%
5. (2012) $877,244,782 Ice Age Continental Drift
25%
4. (2014) $758,410,378 Maleficent
25%
5. (2015) $1,159,398,397 Minions
25%
5. (2011) $694,713,380 Mission Impossible Ghost Protocol
25%
10. (2016) $746,846,894 Suicide Squad
25%
2. (2014) $962,201,338 The Hobbit The Battle Of The Five Armies
25%
5. (2016) 966,550,600 The Jungle Book
25%
10. (2015) $630,161,890 The Martian
25%
4. (2016) $1,023,784,195 Zootopia
25%
7. (2016) $873,634,919 Batman V Superman Dawn Of Justice
13%
7. (2011) $626,137,675 Fast Five
13%
6. (2013) $788,679,850 Fast & Furious 6
13%
5. (2017) $962,077,546 Jumanji Welcome To The Jungle
13%
8. (2018) $791,115,104 Mission Impossible Fallout
13%
8. (2015) $682,714,267 Mission Impossible Rogue Nation
13%
3. (2011) $1,045,713,802 Pirates Of The Caribbean On Stranger Tides
13%
6. (2016) $875,457,937 The Secret Life Of Pets
13%
4. (2011) $712,205,856 The Twilight Saga Breaking Dawn Part 1
13%
6. (2012) $829,746,820 The Twilight Saga Breaking Dawn Part 2
13%
6. (2010) $698,491,347 The Twilight Saga Eclipse
13%
7. (2018) $856,085,151 Venom
13%
6. (2014) $746,045,700 X-Men Days Of Future Past
13%
8. (2014) $710,644,566 Dawn Of The Planet Of The Apes
0%
10. (2018) $654,855,901 Fantastic Beasts: The Crimes of Grindelwald
0%
10. (2019) $801,693,929 Jumanji The Next Level
0%
8. (2012) $746,921,274 Madagascar 3 Europe's Most Wanted
0%
10. (2012) $654,213,485 Men In Black 3
0%
3. (2017)$1,236,005,118 The Fate Of The Furious
0%
8. (2011) $586,764,305 The Hangover Part 2
0%
9. (2011) $563,749,323 The Smurfs
0%
7. (2017) $870,325,439 Wolf Warrior 2
0%
No matching quizzes found
Score Distribution
Percent of People with Each Score
Percentile by Number Answered
Your Score History
You have not taken this quiz